LEADER 01309nam0-2200409li-450- 001 990000195390203316 010 $a88-221-1370-5 035 $a0019539 035 $aUSA010019539 035 $a(ALEPH)000019539USA01 035 $a0019539 100 $a20001109d1951994-km-y0itay0103----ba 101 0 $aita 102 $aIT 200 1 $aPrincipi di istruzione a distanza$fDesmond Keegan$g[traduzione di Marina Gorga Lise] 210 $aScandicci$cLa nuova Italia$d1994 215 $aXXII, 217 p$d24 cm 225 2 $aBiblioteca di scienze dell'educazione$v9 312 $aFoundations of distance education 410 0$12001$aBiblioteca di scienze dell'educazione$v9 454 $12001$aFoundations of distance education$91514325 606 0 $aScuola per corrispondenza 676 $a374.4 700 1$aKEEGAN,$bDesmond$0527853 801 0$aIT$bsalbc$gISBD 912 $a990000195390203316 951 $aVI B COLL. 77/9$b116684 LM$cVI B COLL. 959 $aBK 969 $aUMA 979 $c19900924 979 $c20001110$lUSA01$h1713 979 $aPATTY$b90$c20011115$lUSA01$h1240 979 $aPATTY$b90$c20011115$lUSA01$h1240 979 $c20020403$lUSA01$h1627 979 $aPATRY$b90$c20040406$lUSA01$h1614 996 $aFoundations of distance education$91514325 997 $aUNISA